00000000cam 2200000zi 4500
0019.963128
003CaOODSP
00520260528132644
006m     o  d f      
007cr |n ||||||||
008260527s2026    onc     ol   f|0| 0|fre d
040 |aCaOODSP|bfre|erda|cCaOODSP
041 |afre|aeng
043 |an-cn---
0861 |aYB451-248/1-PDF
1101 |aCanada. |bParlement. |bSénat, |eorganisme de publication.
24513|aAn Act respecting Caribbean Heritage Month = |bLoi concernant le Mois du patrimoine caribéen.
24611|aLoi concernant le Mois du patrimoine caribéen
264 1|a[Ottawa] : |bSenate of Canada = Sénat du Canada, |c2026.
300 |a1 ressource en ligne (ii, 2 pages).
336 |atexte|btxt|2rdacontent/fre
337 |ainformatique|bc|2rdamedia/fre
338 |aressource en ligne|bcr|2rdacarrier/fre
4901 |aProjet de loi S-... ; |vProjet de loi S-248, 1re session, 45e législature
500 |a« Première session, quarante-cinquième législature, 3-4 Charles III, 2025-2026. »
500 |a« Première lecture le 26 mai 2026. »
520 |a« Le texte désigne le mois de juillet comme « Mois du patrimoinecaribéen » »--Sommaire, page ii.
546 |aTexte en français et en anglais.
650 6|aCanadiens d'origine antillaise.
650 6|aMois thématiques|zCanada.
788 |tAn Act respecting Caribbean Heritage Month = |eeng|w(CaOODSP)9.963127
830#0|aProjet de loi S-|vProjet de loi S-248, 1re session, 45e législature.|w(CaOODSP)9.500666
85640|qPDF|s92.1 Ko|uhttps://publications.gc.ca/collections/collection_2026/sen/YB451-248-1.pdf
8564 |qHTML|sS.O.|uhttps://www.parl.ca/documentviewer/fr/45-1/projet-loi/S-248/premiere-lecture